A manual of co-operative law and practice :

Saved in:
Bibliographic Details
Main Author: Surridge, B. J
Other Authors: Margaret, Digby
Format: Book
Published: England : Plunkett Foundation , c1972.
Edition:3rd ed.
Subjects:
Tags: Add Tag
No Tags, Be the first to tag this record!

MARC

LEADER 00000nam a2200000 4500
020 |a NA  |c TZS 33/= 
040 |a MUL  |b eng  |e AACR 
082 |a 346.0433 SUR 
100 |a  Surridge, B. J 
245 |a A manual of co-operative law and practice : 
250 |a 3rd ed. 
260 |a England :  |b Plunkett Foundation ,  |c c1972. 
300 |a v, 274 p. :  |c 21 cm. 
504 |a It includes index 
650 |a Cooperative societies--Law and legislation  |z England 
650 |a Co-operative Principles 
650 |a Cooperative societies 
700 |a  Margaret, Digby. 
942 |c BK 
999 |c 1246  |d 1246